Microbial utilization of renewable resources

Gardado en:
Detalles Bibliográficos
Formato: Libro
Idioma:Undetermined
Publicado: Osaka Osaka University 1983
Những chủ đề:
Các nhãn: Engadir etiqueta
Sen Etiquetas, Sexa o primeiro en etiquetar este rexistro!
Thư viện lưu trữ: Trung tâm Học liệu Trường Đại học Cần Thơ
LEADER 00445nam a2200157Ia 4500
001 CTU_99069
008 210402s9999 xx 000 0 und d
082 |a 660.62 
082 |b M626/Vol.3 
245 0 |a Microbial utilization of renewable resources 
260 |a Osaka 
260 |b Osaka University 
260 |c 1983 
650 |a Industrial microbiology,Fermentation 
904 |i Truc 
980 |a Trung tâm Học liệu Trường Đại học Cần Thơ